000 00567nam a22002057a 4500
003 OSt
005 20140310182903.0
008 130511t xxu||||| |||| 00| 0 eng d
020 _a9715553389
050 _aB 5221
_b.G868 2004
082 _aFIL 5222
_bG75 2004
245 _aFilipino philosophy
_cGripaldo, Rolando M.
_b traditional approach, Part I, Section I.
260 _aManila
_bDe La Salle University Press
_cc2004
300 _a229 p.
_c23 cm.
521 _agrade 7
526 _c880L-960L
541 _j1
562 _e1
942 _2lcc
_cBK
_kFIL
999 _c17123
_d17123